000 00917nam0a22002651 4500
001 rc\2336486
005 20110829150408.7
035 _a(NLR Aleph) 006585048
090 _a7085944
_c7085944
100 _a20110829d1977 |||y0rusy50 ca
101 0 _arus
102 _aRU
105 _ay z |||||
200 1 _aНа страже мира и социализма
_e(В помощь лектору)
_fО-во "Знание" КазССР. Науч.-метод. совет по пропаганде воен. знаний и воен.-патриот. воспитания
210 _aАлма-Ата
_cБ. и.
_d1977
215 _a22 с.
_d20
320 _aБиблиогр.: с. 22
700 1 _aСанжаков
_bС. С.
801 0 _aRU
_bNLR
_gpsbo
801 1 _aRU
_bELAR
_2rusmarc
852 _aNLR
_j77-4/11184
899 _aRuMoRGB
_jМ 77-11/1326
899 _aRuMoRGB
_jМ 77-11/1327
942 _cBOOK
980 _aNB